书目信息 |
| 题名: |
艾伦教授论证据法
|
|
| 作者: | 艾伦 著 ;张保生 , 王进喜 , 汪诸豪 译 | |
| 分册: | 上 | |
| 出版信息: | 北京 中国人民大学出版社 2014 |
|
| 页数: | 11,467页 | |
| 开本: | 25cm | |
| 丛书名: | 法学译丛 | |
| 单 册: | ||
| 中图分类: | D971.25 | |
| 科图分类: | ||
| 主题词: | 证据--Zheng Ju--法律--研究--美国 | |
| 电子资源: | ||
| ISBN: | 978-7-300-20082-8 | |
| 000 | 01248nam0 22003131 450 | |
| 001 | 350907 | |
| 005 | 20161011152817.53 | |
| 010 | @a978-7-300-20082-8@dCNY79.00 | |
| 100 | @a20141121d2014 em y0chiy50 ea | |
| 101 | 2 | @achi@aeng@ceng |
| 102 | @aCN@b110000 | |
| 105 | @ay z 000yy | |
| 106 | @ar | |
| 200 | 1 | @a艾伦教授论证据法@AAi Lun Jiao Shou Lun Zheng Ju Fa@h上@dProfessor allen on evidence@hVolume Ⅰ@f(美)罗纳德·J. 艾伦(Ronald J. Allen)著@g张保生,王进喜,汪诸豪等译@zeng |
| 210 | @a北京@c中国人民大学出版社@d2014 | |
| 215 | @a11,467页@d25cm | |
| 225 | 2 | @a法学译丛@AFa Xue Yi Cong@i证据科学译丛 |
| 300 | @a“十二五”国家重点图书出版规划 “2011计划”司法文明协同创新中心资助 | |
| 330 | @a本书收录了作者15篇文章。包括:《证据法的理论基础和意义》、《美国证据排除规则》、《证据法的未来》等。 | |
| 461 | 0 | @12001 @a法学译丛 |
| 510 | 1 | @aProfessor allen on evidence@hVolume Ⅰ@zeng |
| 606 | 0 | @a证据@AZheng Ju@x法律@x研究@y美国 |
| 690 | @aD971.25@v5 | |
| 701 | 0 | @c(美)@a艾伦@AAi Lun@c(Allen, Ronald J.)@4著 |
| 702 | 0 | @a张保生@AZhang Bao Sheng@c(法学)@4译 |
| 702 | 0 | @a王进喜@AWang Jin Xi@f(1970~)@4译 |
| 702 | 0 | @a汪诸豪@AWang Zhu Hao@4译 |
| 801 | 0 | @aCN@bTANGWEI@c20160808 |
| 905 | @b0892343-6@dD971.25@e109:1@f4 | |
| 艾伦教授论证据法.上=Professor allen on evidence.Volume Ⅰ/(美)罗纳德·J. 艾伦(Ronald J. Allen)著/张保生,王进喜,汪诸豪等译.-北京:中国人民大学出版社,2014 |
| 11,467页;25cm.-(法学译丛.证据科学译丛) |
| “十二五”国家重点图书出版规划 “2011计划”司法文明协同创新中心资助 |
| ISBN 978-7-300-20082-8:CNY79.00 |
| 本书收录了作者15篇文章。包括:《证据法的理论基础和意义》、《美国证据排除规则》、《证据法的未来》等。 |
| ● |
| 相关链接 |
|
|
|
|
正题名:艾伦教授论证据法
索取号:D971.25/109:1
 
预约/预借
| 序号 | 登录号 | 条形码 | 馆藏地/架位号 | 状态 | 备注 |
| 1 | 0892343 | 208923432 | 第一样本阅览室/ [索取号:D971.25/109:1] | 在馆 | |
| 2 | 0892344 | 208923441 | 密集书库-史法系/ [索取号:D971.25/109:1] | 在馆 | |
| 3 | 0892345 | 208923450 | 第一借阅区/ [索取号:D971.25/109:1] | 在馆 | |
| 4 | 0892346 | 208923469 | 第一借阅区/ [索取号:D971.25/109:1] | 在馆 |